Loading...
| Science - Biology | 0 | 5 | 1 | 0 | 45 | 77 | 101.40 | 0 | 1 | 8.14 | 13.64 |
| History - European | 1 | 2 | 0 | 1 | 35 | 70 | 102.67 | 0 | 1 | 7.26 | 10.23 |
| Science - Other | 0 | 3 | 2 | 0 | 20 | 70 | 81.33 | 0 | 2 | 9.54 | 18.18 |
| Fine Arts - Visual | 0 | 2 | 0 | 1 | 20 | 138 | 142.50 | 0 | 1 | 0.13 | 2.27 |
| Other Academic | 0 | 2 | 0 | 1 | 20 | 106 | 116.00 | 0 | 0 | 10.54 | 43.75 |
| Science - Physics | 0 | 2 | 1 | 0 | 15 | 74 | 90.50 | 0 | 0 | 6.22 | 11.36 |
| Social Science | 0 | 2 | 1 | 1 | 15 | 96 | 111.50 | 0 | 1 | 2.58 | 10.00 |
| Fine Arts - Auditory | 0 | 1 | 0 | 0 | 10 | 132 | 132.00 | 0 | 0 | 0.07 | 1.14 |
| Literature - World | 0 | 1 | 0 | 0 | 10 | 122 | 122.00 | 0 | 0 | 1.05 | 2.27 |
| Pop Culture | 0 | 1 | 0 | 0 | 10 | 109 | 109.00 | 0 | 1 | 4.76 | 15.00 |
| Religion | 0 | 1 | 0 | 1 | 10 | 136 | 136.00 | 0 | 0 | 0.14 | 2.50 |
| History - World | 0 | 1 | 1 | 0 | 5 | 99 | 99.00 | 0 | 0 | 1.79 | 4.17 |
| Philosophy | 0 | 1 | 2 | 0 | 0 | 111 | 111.00 | 0 | 0 | 1.73 | 5.68 |
| Mythology | 0 | 0 | 0 | 0 | 0 | 0.00 | 0 | 0 | 0.00 | 0.00 | |
| Literature - British | 0 | 0 | 0 | 0 | 0 | 0.00 | 0 | 0 | 0.00 | 0.00 | |
| Science - Chemistry | 0 | 1 | 3 | 0 | -5 | 111 | 111.00 | 0 | 0 | 0.08 | 4.55 |
| Literature - European | 0 | 0 | 1 | 0 | -5 | 0.00 | 0 | 0 | 0.00 | 0.00 | |
| Fine Arts - Other | 0 | 0 | 1 | 0 | -5 | 0.00 | 0 | 0 | 0.00 | 0.00 | |
| History - American | 0 | 0 | 2 | 0 | -10 | 0.00 | 0 | 0 | 0.00 | 0.00 | |
| History - Other | 0 | 0 | 2 | 0 | -10 | 0.00 | 0 | 0 | 0.00 | 0.00 |